Províncias de Moçambique - Statistics

Estatísticas Gerais
  • Esse quiz foi jogado 586 vezes
  • A pontuação média é 7 de 11
Respostas no mapa
Respostas codificadas por cores de uma escala verde-vermelha no mapa do quiz de acordo com a % correta abaixo.
 
Estatísticas das Respostas
Província % Correto
Cidade de {Maputo}
97%
Província de {Maputo}
97%
Cabo Delgado
61%
Gaza
59%
Tete
59%
Zambézia
56%
Nampula
55%
Sofala
54%
Niassa
53%
Inhambane
52%
Manica
51%
Nenhum quiz correspondente encontrado
Distribuição das Pontuações
Porcentagem de Pessoas com Cada Pontuação
Percentil de Números Respondidos
Sua Pontuação Histórica
Você não jogou esse quiz